[Event "Baden-ch U14"]
[Site "Schoeneck"]
[Date "2002.01.05"]
[Round "6"]
[White "Schleissinger, Florian"]
[Black "Schmiederer, Markus"]
[Result "0-1"]
[WhiteElo "1010"]
[BlackElo "1186"]
[PlyCount "114"]
[EventDate "2002.01.??"]
[EventType "swiss"]
[EventRounds "7"]
[EventCountry "GER"]
[SourceTitle "EXT 2003"]
[Source "ChessBase"]
[SourceDate "2002.11.25"]
[SourceVersion "1"]
[SourceVersionDate "2002.11.25"]
[SourceQuality "1"]

1. e4 e5 2. Nf3 Nc6 3. Bc4 Nf6 4. d3 Be7 5. 0-0 d6 6. h3 0-0 7. Nc3 a6 8. Nd5 b5 9. Bb3 Bb7 10. Nxe7+ Qxe7 11. Bg5 Na5 12. Qd2 Nxb3 13. axb3 Rfd8 14. c3 Re8 15. Rfe1 c6 16. d4 h6 17. Bh4 Rad8 18. Qc2 Ra8 19. b4 Qd8 20. Rad1 Qe7 21. Qd3 Red8 22. Qc2 Rdc8 23. dxe5 dxe5 24. Rd2 Rd8 25. Red1 Rxd2 26. Rxd2 Re8 27. Rd1 g5 28. Bg3 c5 29. bxc5 Qxc5 30. Re1 a5 31. b3 b4 32. c4 Nd7 33. Rd1 Bc6 34. Rd2 f6 35. Re2 Nb6 36. Re1 a4 37. bxa4 Bxa4 38. Qd3 Qxc4 39. Qd6 Re6 40. Qd8+ Kf7 41. Qd2 Ke7 42. Rc1 Qb5 43. Rc7+ Ke8 44. Rb7 b3 45. Rb8+ Kf7 46. Rb7+ Re7 47. Rxe7+ Kxe7 48. Qc3 Nc4 49. Nd2 Nxd2 50. Qxd2 b2 51. Qc3 b1Q+ 52. Kh2 Qxe4 53. Qc7+ Qd7 54. Qc5+ Qd6 55. Qa7+ Bd7 56. f3 Qe2 57. h4 Qed2 0-1

[Event "Baden-ch U14"]
[Site "Schoeneck"]
[Date "2002.01.03"]
[Round "3"]
[White "Schmiederer, Markus"]
[Black "Will, Alexander"]
[Result "1-0"]
[WhiteElo "1186"]
[BlackElo "888"]
[PlyCount "71"]
[EventDate "2002.01.??"]
[EventType "swiss"]
[EventRounds "7"]
[EventCountry "GER"]
[SourceTitle "EXT 2003"]
[Source "ChessBase"]
[SourceDate "2002.11.25"]
[SourceVersion "1"]
[SourceVersionDate "2002.11.25"]
[SourceQuality "1"]

1. e4 e5 2. Nf3 Nc6 3. Bc4 Nf6 4. Nc3 Bc5 5. d3 0-0 6. Bg5 h6 7. Bh4 Be7 8. 0-0 d6 9. h3 Nd7 10. Bxe7 Qxe7 11. Nd5 Qd8 12. d4 Nf6 13. Re1 Re8 14. Bb5 Bd7 15. a3 a6 16. Bc4 b5 17. Ba2 Ra7 18. c4 bxc4 19. Bxc4 Ra8 20. Qd3 a5 21. Rac1 Na7 22. Rb1 c6 23. Nc3 Rb8 24. dxe5 dxe5 25. Ra1 Rxb2 26. Qe3 Nb5 27. Qc1 Nxc3 28. Qxb2 Ncxe4 29. Nxe5 Be6 30. Bxe6 Rxe6 31. Nf3 Nc5 32. Qc3 Qb6 33. Qd4 Kf8 34. Rac1 Rxe1+ 35. Rxe1 Qb5 36. Qd8+ 1-0

[Event "Baden-ch U14"]
[Site "Schoeneck"]
[Date "2002.01.02"]
[Round "2"]
[White "Dathe, Fabian"]
[Black "Schmiederer, Markus"]
[Result "1-0"]
[WhiteElo "1574"]
[BlackElo "1186"]
[PlyCount "89"]
[EventDate "2002.01.??"]
[EventType "swiss"]
[EventRounds "7"]
[EventCountry "GER"]
[SourceTitle "EXT 2003"]
[Source "ChessBase"]
[SourceDate "2002.11.25"]
[SourceVersion "1"]
[SourceVersionDate "2002.11.25"]
[SourceQuality "1"]

1. e4 e5 2. Nf3 Nc6 3. Nc3 Nf6 4. d4 exd4 5. Nxd4 d6 6. Bb5 Bd7 7. 0-0 g6 8. Bg5 Bg7 9. Nd5 0-0 10. Nb3 a6 11. Bd3 Ne5 12. f4 Nxd3 13. Qxd3 Bb5 14. c4 c6 15. Nxf6+ Bxf6 16. Bxf6 Qxf6 17. cxb5 axb5 18. Qd4 Qe7 19. e5 dxe5 20. Qxe5 Qd8 21. f5 Re8 22. Qc3 Qg5 23. fxg6 hxg6 24. Qf6 Qxf6 25. Rxf6 Re2 26. Rf2 Re3 27. Nd4 Rd3 28. Nf3 Re3 29. Kf1 Re7 30. Re2 Rd7 31. b3 b6 32. Ne5 Rc7 33. Rd1 Rcc8 34. Rd7 Re8 35. Nxc6 Rxe2 36. Kxe2 Rxa2+ 37. Kf3 Rc2 38. Nd4 Rc3+ 39. Ke2 Kg7 40. Rd6 Rc5 41. Rxb6 Re5+ 42. Kd3 f6 43. Rxb5 Re8 44. Rb7+ Kh6 45. b4 1-0